000 01383cam a2200277 i 4500
003 SA-RiAUC
005 20251201134841.0
008 251128s1973 su f l f000r0 ara c
040 _aSA-RiAUC
_bara
_cSA-RiAUC
_erda
043 _aa-su---
082 0 4 _a336.29
090 _a336.29
_bس ع و
110 1 _aالسعودية.
_bوزارة المالية والاقتصاد الوطني .
_eمؤلف.
245 1 0 _aملحق مجموعة الأنظمة في الضرائب والزكاة والطوابع والتعليمات وما صدر عنها من مراسيم وقرارات ومنشورات وتعاميم لعام 92-93 هـ. الموافق 72-73 م. /
_cوزارة المالية والاقتصاد الوطني.
264 1 _a[مكان النشر غير محدد] :
_b[الناشر غير محدد]،
_c[1973]
264 3 _aالرياض :
_bمطبعة الحكومة.
300 _a144 صفحة ؛
_c23 سم.
336 _aنص
_btxt
_2rdacontent
_3كتاب
337 _aبدون وسيط
_bn
_2rdamedia
338 _aمجلد
_bnc
_2rdacarrier
440 0 _aسلسلة النظم السعودية
610 1 7 _aالسعودية.
_bوزارة المالية والاقتصاد الوطني
_xتاريخ
_2aucnm
650 7 _aالضرائب
_xقوانين وتشريعات
_zالسعودية
_2aucsh
942 _2ddc
_cBOOK
_n0
949 _aSA-JeALM
_d251128
_umohamedma123
_n1
999 _c13428
_d13428